MDQL
is popping MORE tags! Check the
thread
!
Quizzes
Events
Quiz Creation
Community
Videos
Private Events
Remove Ads
Sign In
Join for FREE
Feedback
Dark Mode
Quiz Categories
Sports
Geography
Music
Movies
Television
Just For Fun
Miscellaneous
History
Literature
Language
Science
Gaming
Entertainment
Religion
Holiday
For Kids
Quiz Lab
Recent
Popular Today
Quiz Kudos Today
Editor Picks
Curator Picks
Quizzes by...
Day
Popularity
Type
Ratings
Length
Year
Community
Subscriptions
Recent Discussions
Orange Saloon
Badges
Playlists
Quests
Create
Leaderboards
Showdown
Live 5
Trivia Bingo
Activity
Puzzle Library
Sporcle Events
Private Events
Virtual Trivia
Globe League
Become a Host
Pub Owners
SporcleCon
Opinionation
Our Games
Videos
Blog
Mobile Apps
Partnerships
Remove Ads and Go Orange
Feedback
History
US Presidents
World Leaders
Politics
Nation
Discovery
War
Decade
Year
Century
Biography
Art
History
US Presidents
World Leaders
Politics
Nation
Discovery
War
Decade
Year
Century
Biography
Art
Random Quiz
Search Sporcle
×
Quiz Lab
Quiz Lab
History
US Presidents
Type in answers that appear in a list
Type in answers that appear in a list
Classic
Best Score? Go Orange.
John Tyler's Children Stats
Can you name the children of the tenth U.S. president?
By
acat42
4m
15 Questions
123 Plays
123 Plays
123 Plays
Comments
Comments
Give Quiz Kudos
Give Quiz Kudos
-
- Ratings
hide this ad
Replay
Link that replays current quiz
Next Quiz
Link to next quiz in quiz playlist
You Got
0%
They Got
Avg Score
70%
Avg Friend Score
Upgrade to see
Score Distribution
Jump to the score distribution portion of the page
Score
0/15
Timer
04:00
0
Plays Today
Lifespan
Child
% Correct
1819-
1896
John Tyler, Jr.
93.5%
1848-
1883
John Alexander Tyler
93.5%
1815-
1847
Mary Tyler
80.5%
1816-
1877
Robert Tyler
75.6%
1856-
1927
Robert Fitzwalter Tyler
75.6%
1821-
1907
Letitia Tyler Semple
74%
1860-
1947
Pearl Tyler
72.4%
1849-
1871
Julia Gardiner Tyler Spencer
71.5%
Lifespan
Child
% Correct
1830-
1874
Tazewell Tyler
69.1%
1853-
1935
Lyon Gardiner Tyler
65.9%
1846-
1927
David Gardiner Tyler
63.4%
1825-
1825
Anne Contesse Tyler
61%
1851-
1902
Lachlan Tyler
58.5%
1823-
1850
Elizabeth Tyler
52.8%
1827-
1854
Alice Tyler
44.7%
Quiz Playlist
Details
Report
Send in Message
Add To Playlist
Classic:
Type in answers that appear in a list
Quiz Source
Last Updated: Feb 16, 2017
Quiz Scoreboard
CHALLENGE
Sign Up to Join the Scoreboard
Show All
Scores
Hide
Comments
May contain spoilers
Recently Published
1-10 Letter E Words III
by El_Dandy
Language
2m
Street Fighter Characters
by Artimus82
Gaming
60s
College Basketball Coaching Resumes
by pancakes188
Sports
9m
More to Explore
Quiz From the Vault
Featured Blog Post
Where Did the Easter Bunny Come From?
hide this ad
You Might Also Like...
Tags
Politics Quiz
US Presidents Quiz
America Politics
Ancestry
john
John Tyler
President
Tyler
US Political
Virginian Presidents
Whig Presidents
Today's Top Quizzes in History
Browse History
hide this ad
Today's Top Quizzes in US Presidents
Browse US Presidents
Top Contributed Quizzes in History
1
Popular People in 1991
2
Popular People in 1981
3
Popular People in 1951
4
Popular People in 1941
5
Popular People in 1986
6
Popular People in 1976
7
Popular People in 1921
8
5-to-1: 20th Century Images of War
9
I Am Born On March 28th
10
Popular People in 1946
Explore More
Trending Topics
Disney
Anime
Harry Potter
NBA
Kpop
Marvel
Crossword
Puzzle
Song
The Office
Soccer
NFL
Country
Pokémon
WWE
hide this ad
More By:
acat42
Quiz
Plays
Rating
Category
Featured
Created
Acronyms and Initialisms Sorting Minefield
21,702
4.55
Language
Apr 10, 2020
Figure Out the Lyrics (Billy Joel)
7,309
4.75
Music
Mar 19, 2013
Mixed Word: British Authors
4,992
4.42
Literature
Feb 6, 2021
Figure Out the Lyrics (Carrie Underwood)
4,647
4.60
Music
Jan 6, 2017
Mixed Word: Physicists
4,191
4.66
Science
Oct 20, 2020
Go to Creator's Profile
Score Distribution
Quiz Creator Spotlight
acat42
Follow
Send a Message
Quizzes Created
-
Created Quiz Play Count
-
More By This Creator
Popular Quizzes Today
1
Find the US States - No Outlines Minefield
2
Find the Countries of Europe - No Outlines Minefield
3
The Countries of the World
4
Find the US States
5
Risky Map Clicking: Biggest States A-Z
6
US States
7
Popular People in 1961
8
Movies - When Are They Set?
More History Quizzes
Click the North Korean Leaders
Curator's Pick
Trending Quizzes
Risky Map Clicking: Least Populous States A-Z
1-10 Letter G Words
USA Borders Longest to Shortest
1-10 Letter F Words
Countries of the World: 200 Million BC
Recently Updated
Leaping Animals
pecheneg
Reality TV Shows (A-Z)
bhenderson79
Rickey Henderson's Hall of Fame Teammates
pecheneg
Champions League XIs: Arsenal
pecheneg
Quick Pick: Celebrities in WWE's Hall of Fame
aduchscher
A-Z Keypad Blitz II
pecheneg
Multiple Oscar Actors
pecheneg
Mystery Phrase Blitz: Oscar 'Best Actors'
pecheneg
F. Scott Fitzgerald Novels
LTH
Pick 3 Villains
ddd62291
Trending Topics
NBA
Kpop
Marvel
Anime
Harry Potter
Disney
Crossword
NFL
Country
The Office
Pokémon
Song
Soccer
WWE
Puzzle
Your Account Isn't Verified!
In order to create a playlist on Sporcle, you need to verify the email address you used during registration. Go to your
Sporcle Settings
to finish the process.
Report this User
Report this user for behavior that violates our
Community Guidelines
.
Details:
Send Report
Go to the Sporcle.com Mobile Site →
Comments